000 00550cam a22002053a 4500
001 35228
003 PGUSA
005 20140828083747.0
008 110209s2011||||xxu|||||s|||||000 | eng d
040 _aPGUSA
_beng
042 _adc
100 1 _aDuchess,
_d-1897
245 1 0 _aAiry Fairy Lilian
_h[electronic resource] /
_cDuchess
260 _bProject Gutenberg,
_c2011
506 _aPublic domain in the USA.
516 _aElectronic text
830 0 _aProject Gutenberg
_v35228
856 4 0 _uhttp://www.gutenberg.org/ebooks/35228
942 _cEB
999 _c264483
_d264483